Normal view
MARC view
- Organización Internacional del Trabajo
Entry Nombre Corporativo
001 - NÚMERO DE CONTROL
- campo de control: 6796
003 - IDENTIFICADOR DE NUMERO DE CONTROL
- campo de control: MX-MxUPN
005 - FECHA Y HORA DE LA ÜLTIMA TRANSACCIÓN
- campo de control: 20231010201647.0
008 - DATOS DE LONGITUD FIJA
- campo de control de longitud fija: 231010nn acnnnaabn in ana |d
035 ## - NÚMERO DE CONTROL
- Número de control: UPN10000006798
040 ## - FUENTE DE CATALOGACIÓN
- Lenguaje de catalogación: spa
- Agencia original de catalogación: MX-MxUPN
110 2# - ENCABEZAMIENTO - NOMBRE CORPORATIVO
- Nombre corporativo o de jurisdicción como elemento de entrada : Organización Internacional del Trabajo
670 ## - FUENTE EN LA QUE SE LOCALIZARON DATOS
- Cita de la fuente : Escamilla González, G. Lista de encabezamientos de materia, 1978 :
- Información localizada: página 624 (Organización Internacional de Trabajo)
902 ## - CATALOGADOR
- Catalogador: CAA/101097
- Catalogador: VíctorGodínez/101023
